| 000 | 01809nam0a2200373 4500 | ||
|---|---|---|---|
| 001 | RU\NLR\bibl\1508213 | ||
| 005 | 20250616022516.0 | ||
| 010 |
_a978-5-8429-0574-4 _9500 |
||
| 021 |
_aRU _b2010-21428 _91445 |
||
| 035 | _a(nilc)RSL-KNO-004620291 | ||
| 035 | _a(NLR Aleph) 001499624 | ||
| 090 |
_a1792664 _c1792664 |
||
| 100 | _a20100330d2010 |||y0rusy50 ca | ||
| 101 | 0 | _arus | |
| 102 | _aRU | ||
| 105 | _ay zzzz||||| | ||
| 200 | 1 |
_aДоктрина внешней политики партии конституционных демократов _eмонография _fИ.Е. Воронкова |
|
| 210 |
_aМосква _cAcademia _d2010 |
||
| 215 |
_a366 с. _d21 |
||
| 320 | _aБиблиогр. в примеч. в конце гл. | ||
| 601 | 0 | 2 |
_aКонституционно-демократическая партия _cРоссия _2nav |
| 601 | 0 | 2 |
_aКонституционно-демократическая партия _92055801 _3RU\NLR\auth\661232767 |
| 607 |
_aРоссия _xВнешняя политика _z19 - нач. 20 вв. _92438547 _3RU\NLR\auth\661450888 |
||
| 610 | 0 | _aПолитические партии -- Политические партии, существовавшие на территории России -- Партии крупной буржуазии и буржуазно-помещичьи партии -- Конституционно-демократическая партия (кадеты) | |
| 686 |
_aФ69(2)411.4,02 _2rubbk |
||
| 686 | _aФ69(2)411.4 | ||
| 686 | _aТ3(2)52-6 | ||
| 700 | 1 |
_aВоронкова _bИ. Е. _gИрина Евгеньевна _4070 |
|
| 801 | 0 |
_aRU _bРГБ _c20100330 _grcr |
|
| 801 | 1 |
_aRU _bРГБ _c20100330 |
|
| 801 | 2 |
_aRU _bNLR _c20100506 _grcr |
|
| 942 | _cBOOK | ||
| 980 | _aNB | ||